03006cam a2200325 i 45000010009000000050017000090080041000260100017000670200028000840350024001120350021001360400063001570410008002200420008002280500023002361000034002592450097002932640057003903000023004475040051004705050565005215201344010866500021024306500030024516500033024816500049025149420008025639520094025719990015026651215126320251010094155.0210209t20212021enk b 001 0 eng  a 2021005391 a9781509542963qhardback a(OCoLC)on1237252663 a(CaBVaU)12151263 aDLCbengcDLCerdadOCLCOdOCLCFdBDXdUKMGBdYDXdUtOrBLW aeng apcc00aHM585b.S3776 2021 aSchwarz, Ori,d1979-eauthor.10aSociological theory for digital society b: the codes that bind us together c/ Ori Schwarz. 1aCambridge, UK ;aMedford, MA :bPolity Press,c2021. a222 pages ;c23 cm aIncludes bibliographical references and index.0 aIntroduction: old disciplines, new times, revised theories — When interactions become objects — rethinking symbolic interactionism in the post-situational order — When networks materialize — rethinking social ontology beyond the individual and the collective — When social capital can be invested — rethinking social capital — When power is exercised through algorithms — rethinking power under generative rulers — When labour is everywhere — rethinking work in the era of workless labour — Conclusion: sociological theory for the future. aThe digital revolution has not only transformed multiple aspects of social life – it also shakes sociological theory, transforming the most basic assumptions that have underlain it. In this timely book, Ori Schwarz explores the main challenges digitalization poses to different strands of sociological theory and offers paths to adapt them to new social realities.What would symbolic interactionism look like in a world where interaction no longer takes place within bounded situations and is constantly documented as durable digital objects? How should we understand new digitally mediated forms of human association that bind our actions and lives together but have little in common with old-time 'collectives'; and why are they not simply ‘social networks’? How does social capital transform when it is materialized in a digital form, and how does it remould power structures? What happens to our conceptualization of power when faced with the emergence of new forms of algorithmic power? And what happens when labour departs from work? By posing and answering such fascinating questions, and offering critical tools for both students and scholars of social theory and digital society to engage with them, this thought-provoking book draws the outline of future sociological theory for our digital society.cProvided by publisher. 0aSociology912016 0aInformation society93595 0aOnline social networks97708 0aInformation technologyxSocial aspects97710 2lcc 00102lcc4070aTBSbTBSd2025-06-13l0oHM585 SCHpB05826r2025-06-13t1w2025-06-13y1 c4730d4730